000 01397nam a22003497a 4500
001 18174588
003 LC
005 20161103112308.0
008 140603s2014 kyuab 001 0 eng
010 _a 2013388606
020 _a9780736297943
035 _a(OCoLC)ocn871004667
040 _aABC
_beng
_cABC
_erda
_dABC
_dDLC
042 _alccopycat
050 0 0 _aJC 571
_b.H7629 2014
245 0 0 _aHuman rights /
_ccontent consultant, Andrew J. Milson, Ph.D.
246 1 _iAt head of title:
_aNational Geographic :
_bglobal issues
300 _a[vol. 3] :
_bcolor illustrations, color maps ;
_c25 cm.
490 0 _aGlobal issues
500 _aIncludes index.
500 _a"Three reading levels (on level, below level, and above level) to reach every student"--Publisher's Web site.
505 0 _a[vol. 1]: grade 5 reading level (blue) -- [vol. 2]: grades 6-7 reading level (orange) -- [vol. 3]: grade 8 reading level (green).
650 0 _aHuman rights
_vTextbooks.
650 0 _aHuman rights
_xStudy and teaching (Middle school)
650 0 _aSocial sciences
_xStudy and teaching (Middle school)
650 0 _aSocial sciences
_vTextbooks.
700 1 _aMilson, Andrew J.,
_econsultant.
710 2 _aNational Geographic Learning (Firm)
906 _a7
_bcbc
_ccopycat
_d2
_encip
_f20
_gy-gencatlg
942 _2lcc
_cBK
999 _c305168
_d305168